header

Texts from the pyramid age (Record no. 183241)

MARC details
000 -LEADER
fixed length control field 01488nam a22003614a 4500
082 04 - DEWEY DECIMAL CLASSIFICATION NUMBER
Classification number 932
100 1# - MAIN ENTRY--AUTHOR NAME
Personal name Strudwick, Nigel.
245 10 - TITLE STATEMENT
Title Texts from the pyramid age
260 ## - PUBLICATION, DISTRIBUTION, ETC. (IMPRINT)
Place of publication Atlanta :
Name of publisher Society of Biblical Literature,
Year of publication c2005.
300 ## - PHYSICAL DESCRIPTION
Number of Pages xxxvii, 522 p. :
Other physical details map.
490 1# - SERIES STATEMENT
Series statement Writings from the ancient world ;
650 #0 - SUBJECT ADDED ENTRY--TOPICAL TERM
Topical Term Inscriptions, Egyptian
856 40 - ELECTRONIC LOCATION AND ACCESS
Uniform Resource Identifier http://site.ebrary.com/lib/rucke/Doc?id=10131585

No items available.

© 2026 Rongo University
Contact us: librarian | system librarian | Rongo university